Culture Générale #05 - Statistiques

Statistiques générales
  • Ce quiz a été pris 286 fois
    186 depuis la dernière actualisation
  • Le résultat moyen est 10 sur 20
Statistiques - réponses
Questions Réponses % Correct
Quel est l’écrivain auteur du livre « Le Tour du monde en 80 jours » ? Jules Verne
86%
Sur quel continent se trouve le Suriname ? Amérique du Sud
83%
En géométrie euclidienne, quelle est la somme des angles d'un triangle ? 180
75%
En quelle année la peine de mort est abolie en France ? 1981
71%
Quel est le nom de la femelle du sanglier ? la Laie
71%
Quel est le chef lieu de la région Bourgogne ? Dijon
62%
Quel fleuve traverse la ville hongroise de Budapest ? le Danube
58%
Quel est l'instrument de prédilection de Carlos Santana ? la guitare
56%
Qui est le réalisateur des films Batman Begins, The Dark Knight et The Dark Knight Rises ? Christopher Nolan
54%
En quelle année Martin Luther King prononça-t-il son discours « I have a dream » ? 1963
52%
Quel est l’os le plus petit du corps humain ? L’étrier
52%
A quel artiste doit-on la célèbre peinture “Le Déjeuner sur l’herbe” ? Édouard Manet
50%
Quel fils de Zeus est le protecteur des marchands, des voyageurs et des voleurs ? Hermès
50%
A quel homme préhistorique doit-on la majorité des peintures préhistoriques ? l’Homo sapiens sapiens
43%
Quel est le nom du créateur du personnage de James Bond 007 ? Ian Flemming
37%
Comment se nomme le prix, équivalent du Nobel, pour les mathématiques ? la médaille Fields
33%
Quel est la longueur précise d’un marathon ? 42,195 km
32%
Sur quoi repose un test de Rorschach ? Tâches
31%
Quel est le cycliste ayant le record du plus grand nombre d’étapes gagné sur le Tour de France (35) ? Mark Cavendish
24%
À quel dieu de la mythologie égyptienne appartient l’œil « oudjat » ? Horus
21%
Aucun quiz correspondant
Distribution des résultats
% des personnes avec chaque résultat
Percentile par nombre de réponses
Votre historique - résultats
Vous n’avez pas pris ce quiz depuis la dernière actualisation